|
|
|
|
| LEADER |
01568nam a2200289 a 4500 |
| 001 |
4466964 |
| 008 |
091007s1994 bg a b i001 0 eng d |
| 010 |
|
|
|a 95900373
|
| 020 |
|
|
|a 9845510221 :
|c Tk200.00
|
| 040 |
|
|
|a DLC
|c DLC
|
| 082 |
0 |
0 |
|a 362.1/9892/00954922
|2 20
|
| 245 |
0 |
0 |
|a Matlab, women, children, and health /
|c edited by Vincent Fauveau.
|
| 260 |
|
|
|a Dhaka, Bangladesh :
|b International Centre for Diarrhoeal Disease Research, Bangladesh,
|c 1994.
|
| 300 |
|
|
|a 462 p. :
|b ill. ;
|c 19 x 25 cm.
|
| 490 |
0 |
|
|a ICDDR,B special publication ;
|v no. 35
|
| 504 |
|
|
|a Includes bibliographical references and indexes.
|
| 541 |
1 |
|
|e 00005340
|
| 650 |
|
0 |
|a Child health services
|z Bangladesh
|z Matlab Bāzār Thana.
|
| 650 |
|
0 |
|a Maternal health services
|z Bangladesh
|z Matlab Bāzār Thana.
|
| 650 |
|
0 |
|a Child health services
|z Bangladesh
|z Matlab Bāzār Thana.
|
| 700 |
1 |
|
|a Fauveau, Vincent.
|
| 710 |
2 |
|
|a International Centre for Diarrhoeal Disease Research, Bangladesh.
|
| 852 |
4 |
|
|a Ayesha Abed Library
|j General shelf
|
| 999 |
|
|
|c 4446
|d 4446
|
| 952 |
|
|
|0 0
|1 0
|2 ddc
|4 0
|6 362_198920954920000_MAT_1994
|7 0
|9 4158
|a BRACUL
|b BRACUL
|c GEN
|d 2009-10-11
|g 600.00
|l 0
|o 362.19892095492 MAT
|p 3010005340
|r 2009-10-11
|t 1
|v 1200.00
|w 2009-10-11
|y BK
|
| 952 |
|
|
|0 0
|1 0
|2 ddc
|4 0
|6 362_198920954920000_MAT_1994
|7 0
|9 8360
|a BRACUL
|b BRACUL
|c GEN
|d 2010-02-22
|g 600.00
|l 0
|o 362.19892095492 MAT
|p 3010005338
|r 2010-02-22
|t 2
|w 2010-02-22
|y BK
|
| 952 |
|
|
|0 0
|1 0
|2 ddc
|4 0
|6 362_198920095492000_MAT_1994
|7 0
|9 19914
|a JPGSPH
|b JPGSPH
|c GEN
|d 2012-04-05
|l 0
|o 362.198920095492 MAT
|p 3060024922
|r 2012-04-05
|t 3
|w 2012-04-05
|y BK
|